The Voice of the narrator in children's literature : insights from writers and critics

Αποθηκεύτηκε σε:
Λεπτομέρειες βιβλιογραφικής εγγραφής
Άλλοι συγγραφείς: Otten, Charlotte F. (Επιμελητής έκδοσης), Schmidt, Gary D. (Επιμελητής έκδοσης)
Μορφή: Βιβλίο
Γλώσσα:English
Δημοσίευση: New York : Greenwood Press, 1989
Σειρά:Contributions to the study of world literature ; ; no. 28
Θέματα:
Ετικέτες: Προσθήκη ετικέτας
Δεν υπάρχουν, Καταχωρήστε ετικέτα πρώτοι!

MARC

LEADER 00000nam a2200000 i 4500
001 1/73208
008 980604s1989 eng d
020 |a 0-313-26370-1 
035 |l 10031453 
035 |a 1994  |b 3  |c Ζερβού 
035 |a 1995  |b 2  |c Ζερβού 
040 |a GR-MY-UA  |b gre  |e aacr 
041 0 |a eng 
082 0 |a 809.89282  |2 (19) 
245 1 4 |a The Voice of the narrator in children's literature :  |b insights from writers and critics /  |c edited by Charlotte F. Otten and Gary D. Schmidt 
260 |a New York :   |b Greenwood Press,   |c 1989 
300 |a xviii, 414 p.;  |b ill.;  |c 25 cm 
490 1 |a Contributions to the study of world literature  |v ; no. 28  |x 0738-9345 
504 |a Περιέχει βιβλιογραφικές παραπομπές 
650 0 0 |a Children's literature  |x History and criticism. 
650 0 0 |a Children's literature  |x Authorship. 
650 0 0 |a Narration (Rhetoric) 
650 0 0 |a Perspective (Linguistics) 
700 1 |a Otten, Charlotte F.  |4 edt 
700 1 |a Schmidt, Gary D.  |4 edt 
830 0 |a Contributions to the study of world literature ;  |v ; no. 28  |x 0738-9345 
852 |a INST  |b RHODES  |e 19980604  |h 809.89282 VOI  |p 005400005430  |q 005400005430  |t BK  |y 0 
852 |a INST  |b RHODES  |e 19980604  |h 809.89282 VOI  |p 005400005454  |q 005400005454  |t BK  |y 0 
909 |a Ρ  |b 038491  |c 1994 
909 |a Ρ  |b 041921  |c 1995